00431nam a2200133Ia 4500008004100000020001800041050003000059100001900089245006600108260003500174300002900209500005100238521000800289140527s9999 xx 000 0 und d a9780080966700 aTX 911.3.M27 b.F739 2012 aDavis, Bernard aFood and beverage management /cBernardDavis... [et al.]. aNew York :bRoutledge,cc2012. a385 p. :bill. ;c25 cm. aIncludes bibliographical references and index. aTOU